| 000 | 01330 a2200157 4500 | ||
|---|---|---|---|
| 020 | _a0130869112 | ||
| 040 |
_aLibrary of Congress _bEnglish |
||
| 100 | 1 | _aLiang, Y. Daniel. | |
| 245 | 1 | 0 |
_aIntroduction to Java programming with JBuilder3 _cY. Daniel Liang. |
| 260 |
_aUpper Saddle River, NJ : _bPrentice Hall, _c2000. |
||
| 300 |
_a771 p. : _bill. + _e1 CD-ROM (4 3/4 in.) |
||
| 520 | 1 | _a"This book covers the major topics in Java programming, including programming structures, methods, objects, classes, inheritance, graphics programming, applets, exception handling, internationalization, multithreading, multimedia, I/Q, and networking. Based completely on Java 2, the graphics' examples are built using Swing components, tested using Java 2 on Windows and on Sun Solaris using no depreciated API. The source code for all examples can be found on the companion CD-ROM, which also contains JBuilder 3 University Edition. The overall objective of this book is to teach the reader how to use many levels of abstraction to solve problems, both small and large."--BK JACKET. | |
| 538 | _aSystem requirements for accompanying CD-ROM : Pentium 166 MHz or faster processor; a minimum of 64 megabytes of RAM; and at least 180 megabytes of free disk space. | ||
| 650 | 0 | _aJava (Computer program language) | |
| 942 |
_cBK _k005.133/J LIA _2ddc |
||
| 999 |
_c5937 _d5937 |
||